KA + Das Zeichen / [Norddeutsche Ausgabe] / Hrsg.: Verein der Norddeutschen Pallottiner e.V.
| Previous Title: | Katholisches ApostolatDas Zeichen |
|---|---|
| Subtitles: | KA + Das Zeichen / Norddeutsche Ausgabe KA und Das Zeichen Katholisches Apostolat + Das Zeichen Katholisches Apostolat und Das Zeichen |
| Format: | Print Journal |
| Language: | German |
| Subito Delivery Service: | Order now. |
| Check availability: | HBZ Gateway |
| WorldCat: | WorldCat |
| Interlibrary Loan: | Für eine Fernleihe wählen Sie bitte zuerst einen Band oder Aufsatz aus. |
| Published: |
Limburg
Provinzialat der Pallottiner
1999-2013
Friedberg Provinzialat der Pallottiner 1999-2013 |
| In: | Year: 1999 |
| Standardized Subjects / Keyword chains: | B
Pallottiner
/ Spirituality
/ Journal
|
| Further subjects: | B
Pallottiner
B Journal |
MARC
| LEADER | 00000cas a2200000 c 4500 | ||
|---|---|---|---|
| 001 | 266018149 | ||
| 003 | DE-627 | ||
| 005 | 20230407190143.0 | ||
| 007 | tu | ||
| 008 | 990318d19992013gw m| p| 0 |0ger c | ||
| 015 | |a 00,B23,0073 |2 dnb | ||
| 016 | 7 | |a 019601662 |2 DE-101 | |
| 016 | 7 | |a 1466936-5 |2 DE-600 | |
| 022 | |a 1439-6025 | ||
| 035 | |a (DE-627)266018149 | ||
| 035 | |a (DE-576)450511731 | ||
| 035 | |a (DE-599)ZDB1466936-5 | ||
| 035 | |a (OCoLC)183245998 | ||
| 040 | |a DE-627 |b ger |c DE-627 |e rakwb | ||
| 041 | |a ger | ||
| 044 | |c XA-DE | ||
| 082 | 0 | 4 | |a 230 |q DE-600 |
| 245 | 0 | 0 | |a KA + Das Zeichen |p [Norddeutsche Ausgabe] / Hrsg.: Verein der Norddeutschen Pallottiner e.V. |
| 246 | 1 | |i Ansetzungssachtitel |a KA + Das Zeichen / Norddeutsche Ausgabe | |
| 246 | 3 | 3 | |a KA und Das Zeichen |
| 246 | 3 | 3 | |a Katholisches Apostolat + Das Zeichen |
| 246 | 3 | 3 | |a Katholisches Apostolat und Das Zeichen |
| 264 | 3 | 1 | |a Limburg |b Provinzialat der Pallottiner |c 1999-2013 |
| 264 | 3 | 1 | |a Friedberg |b Provinzialat der Pallottiner |c 1999-2013 |
| 300 | |c 30 cm | ||
| 336 | |a Text |b txt |2 rdacontent | ||
| 337 | |a ohne Hilfsmittel zu benutzen |b n |2 rdamedia | ||
| 338 | |a Band |b nc |2 rdacarrier | ||
| 362 | 0 | |a 106.1999 - 120.2013,7 | |
| 363 | 0 | 0 | |a 106 |i 1999 |
| 363 | 1 | 0 | |i 2013 |a 120 |b 7 |
| 515 | |a Ersch. 11 x jährl. | ||
| 591 | |a 12!(28-01-15) | ||
| 610 | 2 | 0 | |a Pallottiner |
| 655 | 7 | |a Zeitschrift |0 (DE-588)4067488-5 |0 (DE-627)10454466X |0 (DE-576)20917000X |2 gnd-content | |
| 689 | 0 | 0 | |d b |0 (DE-588)1025872-3 |0 (DE-627)103603603 |0 (DE-576)191290335 |2 gnd |a Pallottiner |
| 689 | 0 | 1 | |d s |0 (DE-588)4116568-8 |0 (DE-627)105805785 |0 (DE-576)209502630 |2 gnd |a Spiritualität |
| 689 | 0 | 2 | |d s |0 (DE-588)4067488-5 |0 (DE-627)10454466X |0 (DE-576)20917000X |2 gnd |a Zeitschrift |
| 689 | 0 | |5 DE-101 | |
| 770 | 0 | 8 | |i Beil. |t Pallottis Werk daheim und draußen |d Limburg : Verein der Norddt. Pallottiner, 1950 |w (DE-627)167478222 |w (DE-600)531684-4 |w (DE-576)285624768 |x 2194-1688 |
| 780 | 0 | 0 | |i Vorg. |t Katholisches Apostolat |d Bruchsal : Schwabenverl., 1926 |w (DE-627)166970220 |w (DE-600)354891-0 |w (DE-576)015419851 |x 1439-5347 |k Non-Electronic |
| 780 | 0 | 0 | |i Vorg. |t Das Zeichen |d Limburg : Provinzialat d. Pallotiner, 1966 |w (DE-627)165764015 |w (DE-600)12848-X |w (DE-576)450512908 |x 0342-6416 |k Non-Electronic |
| 951 | |a JT | ||
| ELC | |b 1 | ||
| ORI | |a SA-MARC-ixtheo_ob001.raw | ||
| REL | |a 1 |c 1 | ||
| STA | 0 | 0 | |a Journal,Yearbooks,Spirituality,Spirituality,Spirituality in art |
| STB | 0 | 0 | |a Revue,Périodique,Périodique,Annuaires,Spiritualité,Spiritualité |
| STC | 0 | 0 | |a Espiritualidad,Espiritualidad,Revista |
| STD | 0 | 0 | |a Rivista,Periodico,Periodico,Spiritualità,Spiritualità |
| STE | 0 | 0 | |a 期刊,杂志,灵性 |
| STF | 0 | 0 | |a 期刊,雜誌,靈性 |
| STG | 0 | 0 | |a Espiritualidade,Espiritualidade,Revista |
| STH | 0 | 0 | |a Духовность (мотив),Духовность,Журнал |
| STI | 0 | 0 | |a Περιοδικό,Πνευματικότητα (μοτίβο),Πνευματικότητα |
| SYB | 0 | 0 | |a Societas Apostolatus Catholici,Fromme Missionsgesellschaft,Pia Societas Missionum,PSM,Fromme Gesellschaft der Missionen,Gesellschaft des Katholischen Apostolates,Gesellschaft vom Katholischen Apostolat,Vereinigung des Katholischen Apostolates,SAC,Pallottini,Pallottiner-Kongregation,Katholisches Apostolat des Heiligen Vinzenz Pallotti,Stowarzyszenie Apostolstwa Katolickiego,SAK,Ksie̜ża Pallotyni,Katholisches Apostolat,KA,Società dell'Apostolato Cattolico,Pères Pallottins,Societé de l'Apostolat Catholique,Societé de l'Apostolat Catholique (Pères Pallottins),Famille Spirituelle du P. V. Pallotti |
| SYG | 0 | 0 | |a Societas Apostolatus Catholici,Fromme Missionsgesellschaft,Pia Societas Missionum,PSM,Fromme Gesellschaft der Missionen,Gesellschaft des Katholischen Apostolates,Gesellschaft vom Katholischen Apostolat,Vereinigung des Katholischen Apostolates,SAC,Pallottini,Pallottiner-Kongregation,Katholisches Apostolat des Heiligen Vinzenz Pallotti,Stowarzyszenie Apostolstwa Katolickiego,SAK,Ksie̜ża Pallotyni,Katholisches Apostolat,KA,Società dell'Apostolato Cattolico,Pères Pallottins,Societé de l'Apostolat Catholique,Societé de l'Apostolat Catholique (Pères Pallottins),Famille Spirituelle du P. V. Pallotti , Geistigkeit , Periodikum,Zeitschriften |
| TIM | |a 100018350101_100020261231 |b 1835 - 2026 | ||